• 首页
  • 本馆介绍
  • 公告通知
  • 最新文献
  • 馆藏检索
  • 电子资源
  • 读者导购
  • 参考咨询
  • 我的图书馆
  • 登录
  • 详细信息显示
  • 放入我的书架
  • 预约/预借图书
  • 作者相关作品
  • 分类相关作品
  • 丛书相关作品
  • 出版社相关作品

书目信息

  • 表格格式
  • 工作单格式
  • 卡片格式
题名:
线性代数与随机数学习题课教程
    
 
作者: 李忠范 , 黄万风 , 孙毅 主编
分册:  
出版信息: 北京   高等教育出版社  2006
页数: 573页
开本: 23cm
丛书名:
单 册:
中图分类: O151.2 , O211
科图分类:
主题词: 线性代数--高等学校--教学参考资料 , 概率论--高等学校--教学参考资料 , 随机过程--高等学校--教学参考资料 , 线性代数 , 概率论 , 随机过程
电子资源:
ISBN: 7-04-019367-1
000 01270nam0 2200325 450
001 1553244817
005 20150131144742.78
010    @a7-04-019367-1@dCNY37.60
100    @a20060104d2006 em y0chiy50 ea
101 0  @achi
102    @aCN@b110000
105    @ay z 000yy
200 1  @a线性代数与随机数学习题课教程@9xian xing dai shu yu sui ji shu xue xi ti ke jiao cheng@f李忠范,黄万风,孙毅主编
210    @a北京@c高等教育出版社@d2006
215    @a573页@d23cm
300    @a《大学数学》系列教材 普通高等教育“十五”国家级规划教材配套参考书
330    @a本书分为上、下两篇,上篇的主要内容为:矩阵的运算与初等变换,方阵的行列式,可逆矩阵,线性方程组与向量组的线性相关性,方阵的特征值、特征向量与相似化简等。下篇的主要内容为:随机事件及其概率,随机变量及其概率分布,二维随机变量及其概率分析等。
606 0  @a线性代数@x高等学校@j教学参考资料
606 0  @a概率论@x高等学校@j教学参考资料
606 0  @a随机过程@x高等学校@j教学参考资料
606 0  @a线性代数
606 0  @a概率论
606 0  @a随机过程
690    @aO151.2@v5
690    @aO211@v5
701  0 @a李忠范@9li zhong fan@f(1962.9~)@4主编
701  0 @a黄万风@9huang wan feng@4主编
701  0 @a孙毅@9sun yi@c(高等数学)@4主编
801  0 @aCN@bTSSF@c20150131
905    @aZUCC@dO151.2@eJY167
    
    线性代数与随机数学习题课教程/李忠范,黄万风,孙毅主编.-北京:高等教育出版社,2006
    573页;23cm
    《大学数学》系列教材 普通高等教育“十五”国家级规划教材配套参考书
    
    ISBN 7-04-019367-1:CNY37.60
    本书分为上、下两篇,上篇的主要内容为:矩阵的运算与初等变换,方阵的行列式,可逆矩阵,线性方程组与向量组的线性相关性,方阵的特征值、特征向量与相似化简等。下篇的主要内容为:随机事件及其概率,随机变量及其概率分布,二维随机变量及其概率分析等。
●
相关链接 在E读中查询图书 在五车中查询图书 在当当中查询图书 在豆瓣中查询图书


正题名:线性代数与随机数学习题课教程     索取号:O151.2/JY167         预约/预借

序号 登录号 条形码 馆藏地/架位号 状态 备注
1 7861438   278614386   学院路分馆/ [索取号:O151.2/JY167] 在馆    
唐山师范学院图书馆 欢迎您!
大连网信软件有限公司© 版权所有